La Woman - The Doors lyric quiz - Statistics

General Stats
  • This quiz has been taken 38 times
  • The average score is 145 of 231
Answer Stats
Answer % Correct
I
100%
i
100%
a
96%
in
96%
an
92%
La
92%
to
92%
woman
92%
the
88%
well
88%
about
80%
ago
80%
got
80%
hour
76%
see
76%
you
76%
your
76%
blow
72%
into
72%
is
72%
just
72%
of
72%
town
72%
wind
72%
little
68%
look
68%
so
68%
took
68%
are
64%
around
64%
never
64%
night
64%
where
64%
yeah
64%
hollywood
60%
know
60%
on
60%
risin
60%
they
60%
which
60%
with
60%
city
56%
down
56%
girls
56%
if
56%
light
56%
loved
56%
mojo
56%
saw
56%
say
56%
way
56%
afternoon
52%
alone
52%
their
52%
burning
48%
drivin
48%
fire
48%
hair
48%
lady
48%
liar
48%
mr
48%
my
48%
filled
44%
midnight
44%
or
44%
sunday
44%
alleys
40%
angel
40%
blues
40%
cars
40%
cops
40%
from
40%
hills
40%
keep
40%
another
36%
bars
36%
bungalows
36%
lost
36%
oh
36%
roam
36%
you're
36%
lucky
32%
topless
32%
blows
28%
freeways
28%
gotta
28%
drive
24%
mood
24%
motel
24%
sadness
24%
change
20%
glad
20%
madness
20%
money
20%
murder
20%
suburbs
20%
woah
20%
woo
20%
let's
16%
through
16%
gone
12%
city of night
0%
No matching quizzes found
Score Distribution
Percent of People with Each Score
Percentile by Number Answered
Your Score History
You have not taken this quiz